[Event "Sao Paulo op-B U2050 7th"]
[Site "Sao Paulo"]
[Date "2018.03.31"]
[Round "3"]
[White "Jukemura, Rodrigo"]
[Black "De Arruda Filho, Nivaldo Jesus"]
[Result "0-1"]
[WhiteElo "2048"]
[BlackElo "1941"]
[PlyCount "70"]
[EventDate "2018.03.30"]
[EventType "swiss"]
[EventRounds "6"]
[EventCountry "BRA"]
[SourceTitle "EXT 2021"]
[Source "ChessBase"]
[SourceDate "2020.10.23"]
[SourceVersion "1"]
[SourceVersionDate "2020.10.23"]
[SourceQuality "1"]

1. d4 e6 2. c4 f5 3. Nf3 Nf6 4. Nc3 Bb4 5. g3 d5 6. Bg2 0-0 7. 0-0 c6 8. Qb3 Bd6 9. Bg5 Nbd7 10. e3 h6 11. Bxf6 Qxf6 12. Nd2 g5 13. Ne2 g4 14. cxd5 cxd5 15. h4 Nb6 16. a4 Rb8 17. Nc3 Bd7 18. Nb5 Bxb5 19. Qxb5 Qe7 20. Rfc1 Rfc8 21. a5 Qd7 22. Bf1 Qxb5 23. Bxb5 Na8 24. Rxc8+ Rxc8 25. Bd7 Rc2 26. Bxe6+ Kg7 27. Nb3 Rxb2 28. Nc5 Kf6 29. Bxd5 Nc7 30. Nxb7 Bxg3 31. fxg3 Nxd5 32. e4 fxe4 33. Rf1+ Ke7 34. Rf5 Nc3 35. Nc5 Ne2+ 0-1

[Event "Dos Hermanas Internet qual-E 10th"]
[Site "ICC INT"]
[Date "2009.03.15"]
[Round "9"]
[White "Jukemura, Rodrigo"]
[Black "Abdalla, Luiz Guilherme"]
[Result "0-1"]
[WhiteElo "2048"]
[BlackElo "2085"]
[PlyCount "106"]
[EventDate "2009.03.15"]
[EventType "swiss (blitz)"]
[EventRounds "12"]
[EventCountry "ESP"]
[SourceTitle "CBM 129 Extra"]
[Source "ChessBase"]
[SourceDate "2009.05.05"]
[SourceVersion "2"]
[SourceVersionDate "2009.05.20"]
[SourceQuality "1"]

1. d4 Nf6 2. c4 e6 3. Nf3 c5 4. d5 exd5 5. cxd5 Bd6 6. Nc3 0-0 7. e4 Re8 8. Bd3 Bc7 9. 0-0 d6 10. Re1 a6 11. a4 Nbd7 12. h3 Rb8 13. Qc2 Nf8 14. Bf4 Ng6 15. Bh2 Bd7 16. e5 Nxe5 17. Bxe5 dxe5 18. Rad1 Bd6 19. Bf5 b5 20. Bxd7 Qxd7 21. Ne4 Nxe4 22. Qxe4 f5 23. Qh4 e4 24. Ng5 h6 25. Ne6 bxa4 26. Qh5 Rxb2 27. Qxf5 Rf8 28. Qxe4 Rfxf2 29. Rf1 Rfe2 30. Qg6 a3 31. Rb1 Rxb1 32. Rxb1 Qf7 33. Qxf7+ Kxf7 34. Ra1 a2 35. Kf1 Be5 36. Kxe2 Bxa1 37. Nxc5 Bc3 38. Nb3 a1Q 39. Nxa1 Bxa1 40. Kd3 Ke7 41. Kc4 Kd6 42. Kb4 Kxd5 43. Ka5 Ke4 44. Kxa6 Kf4 45. Kb6 Kg3 46. Kc6 Kxg2 47. Kd6 Kxh3 48. Ke6 g5 49. Kf5 g4 50. Kg6 g3 51. Kxh6 g2 52. Kg5 g1Q+ 53. Kf5 Qf2+ 0-1

[Event "Dos Hermanas Internet qual-E 10th"]
[Site "ICC INT"]
[Date "2009.03.15"]
[Round "11"]
[White "Jukemura, Rodrigo"]
[Black "Hausrath, Daniel"]
[Result "0-1"]
[WhiteElo "2048"]
[BlackElo "2493"]
[PlyCount "108"]
[EventDate "2009.03.15"]
[EventType "swiss (blitz)"]
[EventRounds "12"]
[EventCountry "ESP"]
[SourceTitle "CBM 129 Extra"]
[Source "ChessBase"]
[SourceDate "2009.05.05"]
[SourceVersion "2"]
[SourceVersionDate "2009.05.20"]
[SourceQuality "1"]

1. d4 Nf6 2. c4 Nc6 3. Nf3 e6 4. g3 d5 5. cxd5 exd5 6. Bg2 Bd6 7. 0-0 Ne7 8. Nc3 c6 9. Bg5 Ng6 10. e4 dxe4 11. Nxe4 Be7 12. Bxf6 Bxf6 13. Nxf6+ Qxf6 14. Re1+ Kf8 15. d5 Bg4 16. dxc6 bxc6 17. Qb3 h6 18. Qb4+ Kg8 19. Qxg4 Kh7 20. h4 Rhd8 21. h5 Nf8 22. Ne5 Rd2 23. Qf4 Qxf4 24. gxf4 Rxb2 25. Nxf7 Nd7 26. Bxc6 Rf8 27. Be4+ Kg8 28. Bg6 Rxf7 29. Bxf7+ Kxf7 30. Rab1 Rxa2 31. Rb7 Rd2 32. Rxa7 Kf6 33. Kg2 Nc5 34. Re5 Nd3 35. Ra6+ Kf7 36. Rb5 Nxf4+ 37. Kg3 Ne6 38. Rb7+ Kf6 39. Rbb6 Re2 40. Kf3 Re1 41. Kg4 Re4+ 42. Kg3 Re5 43. f4 Re3+ 44. Kg4 Re4 45. Kf3 Re1 46. Kf2 Re4 47. Kf3 Rxf4+ 48. Kg3 Re4 49. Kf3 Re5 50. Kg3 Kf5 51. Rb7 Re3+ 52. Kf2 Re4 53. Rf7+ Ke5 54. Re7 Rf4+ 0-1

[Event "Dos Hermanas Internet qual-E 10th"]
[Site "ICC INT"]
[Date "2009.03.15"]
[Round "10"]
[White "Zilbermintz, Lev"]
[Black "Jukemura, Rodrigo"]
[Result "0-1"]
[WhiteElo "2014"]
[BlackElo "2048"]
[PlyCount "72"]
[EventDate "2009.03.15"]
[EventType "swiss (blitz)"]
[EventRounds "12"]
[EventCountry "ESP"]
[SourceTitle "CBM 129 Extra"]
[Source "ChessBase"]
[SourceDate "2009.05.05"]
[SourceVersion "2"]
[SourceVersionDate "2009.05.20"]
[SourceQuality "1"]

1. d4 d5 2. e4 dxe4 3. Nc3 Nf6 4. f3 exf3 5. Nxf3 Bg4 6. h3 Bxf3 7. Qxf3 c6 8. g4 Qxd4 9. Be3 Qe5 10. 0-0-0 h6 11. Bf4 Qa5 12. Rh2 e6 13. Rhd2 Be7 14. h4 Nbd7 15. Kb1 Nd5 16. Nxd5 cxd5 17. c4 Nb6 18. cxd5 Nxd5 19. Bc4 Nxf4 20. Qxf4 0-0 21. Rf2 Rad8 22. Rdf1 Bf6 23. Qg3 Rd2 24. Rxd2 Qxd2 25. Qb3 b6 26. g5 hxg5 27. hxg5 Qxg5 28. Rh1 Rd8 29. Bd3 g6 30. Qc2 Kg7 31. Qh2 Qh5 32. Qg2 Qe5 33. Rg1 Rxd3 34. Qc2 Qd4 35. Rc1 Rd2 36. Qc3 Rxb2+ 0-1

[Event "Dos Hermanas Internet qual-C 10th"]
[Site "ICC INT"]
[Date "2009.03.14"]
[Round "8"]
[White "Almeida Saenz, Alfonso"]
[Black "Jukemura, Rodrigo"]
[Result "1-0"]
[WhiteElo "2378"]
[BlackElo "2048"]
[PlyCount "63"]
[EventDate "2009.03.14"]
[EventType "swiss (blitz)"]
[EventRounds "12"]
[EventCountry "ESP"]
[SourceTitle "CBM 129 Extra"]
[Source "ChessBase"]
[SourceDate "2009.05.05"]
[SourceVersion "2"]
[SourceVersionDate "2009.05.20"]
[SourceQuality "1"]

1. d4 d5 2. c4 c6 3. Nc3 Nf6 4. Nf3 dxc4 5. a4 Bf5 6. Ne5 Nbd7 7. Nxc4 Qc7 8. g3 e5 9. dxe5 Nxe5 10. Bf4 Nfd7 11. Qd4 g5 12. Bxe5 Nxe5 13. Qxe5+ Qxe5 14. Nxe5 0-0-0 15. Bg2 f6 16. Nf3 Bb4 17. 0-0 Rhe8 18. e3 Bc2 19. Nd4 Bg6 20. Rfc1 c5 21. Na2 Kb8 22. Nxb4 cxd4 23. exd4 Rxd4 24. Nc2 Rd2 25. Ne3 Rxb2 26. a5 Rd8 27. a6 Rdd2 28. Nc4 Rxf2 29. Nxb2 Rxb2 30. axb7 Rxg2+ 31. Kxg2 Be4+ 32. Kf2 1-0

[Event "Dos Hermanas Internet qual-C 10th"]
[Site "ICC INT"]
[Date "2009.03.14"]
[Round "2"]
[White "Gajewski, Grzegorz"]
[Black "Jukemura, Rodrigo"]
[Result "1-0"]
[WhiteElo "2581"]
[BlackElo "2048"]
[PlyCount "57"]
[EventDate "2009.03.14"]
[EventType "swiss (blitz)"]
[EventRounds "12"]
[EventCountry "ESP"]
[SourceTitle "CBM 129 Extra"]
[Source "ChessBase"]
[SourceDate "2009.05.05"]
[SourceVersion "2"]
[SourceVersionDate "2009.05.20"]
[SourceQuality "1"]

1. d4 d5 2. c4 c6 3. Nf3 Nf6 4. Nc3 dxc4 5. a4 Bf5 6. e3 e6 7. Bxc4 Bb4 8. 0-0 0-0 9. Qe2 Nbd7 10. e4 Bg6 11. Bd3 Bh5 12. e5 Nd5 13. Nxd5 cxd5 14. Qe3 Rc8 15. Ng5 Bg6 16. Bxg6 fxg6 17. Nxe6 Qe7 18. Nxf8 Nxf8 19. Bd2 Bxd2 20. Qxd2 Ne6 21. Rac1 Rxc1 22. Rxc1 h6 23. g3 g5 24. Rc8+ Kh7 25. Qd3+ g6 26. Qc3 h5 27. Rb8 g4 28. Qc8 Kh6 29. Rxb7 1-0

[Event "Dos Hermanas Internet qual-C 10th"]
[Site "ICC INT"]
[Date "2009.03.14"]
[Round "9"]
[White "Jukemura, Rodrigo"]
[Black "Akselrod, Vladislav"]
[Result "1-0"]
[WhiteElo "2048"]
[BlackElo "2446"]
[PlyCount "87"]
[EventDate "2009.03.14"]
[EventType "swiss (blitz)"]
[EventRounds "12"]
[EventCountry "ESP"]
[SourceTitle "CBM 129 Extra"]
[Source "ChessBase"]
[SourceDate "2009.05.05"]
[SourceVersion "2"]
[SourceVersionDate "2009.05.20"]
[SourceQuality "1"]

1. d4 d5 2. c4 e6 3. Nc3 Nf6 4. Nf3 Be7 5. Bg5 0-0 6. e3 c6 7. Rc1 Ne4 8. Bxe7 Qxe7 9. Bd3 f5 10. Ne5 Nd7 11. Nxd7 Bxd7 12. 0-0 Rae8 13. f4 Rd8 14. Bxe4 fxe4 15. c5 Be8 16. Qg4 Bg6 17. h3 Bf5 18. Qe2 Kh8 19. g4 Bg6 20. b4 a6 21. a4 Be8 22. Rc2 Bd7 23. Ra1 g5 24. fxg5 Qxg5 25. Rcc1 Rf3 26. Rf1 Rdf8 27. Rxf3 Rxf3 28. Rf1 Rxe3 29. Rf8+ Kg7 30. Qf2 Rg3+ 31. Kh2 Rf3 32. Rxf3 exf3 33. Qxf3 Qd2+ 34. Kg3 Qxd4 35. g5 Qe5+ 36. Kh4 Be8 37. Ne2 Bg6 38. Nf4 Bf5 39. Nh5+ Kf7 40. Ng3 Qd4+ 41. Kh5 Ke7 42. Nxf5+ exf5 43. Qxf5 Qd1+ 44. Kh6 1-0

[Event "Dos Hermanas Internet qual-C 10th"]
[Site "ICC INT"]
[Date "2009.03.14"]
[Round "3"]
[White "Jukemura, Rodrigo"]
[Black "Boron, Anthony"]
[Result "1-0"]
[WhiteElo "2048"]
[BlackElo "1906"]
[PlyCount "87"]
[EventDate "2009.03.14"]
[EventType "swiss (blitz)"]
[EventRounds "12"]
[EventCountry "ESP"]
[SourceTitle "CBM 129 Extra"]
[Source "ChessBase"]
[SourceDate "2009.05.05"]
[SourceVersion "2"]
[SourceVersionDate "2009.05.20"]
[SourceQuality "1"]

1. d4 d5 2. Nf3 Nf6 3. c4 e6 4. Nc3 Be7 5. Bg5 h6 6. Bh4 Ne4 7. Bxe7 Qxe7 8. Rc1 Nxc3 9. Rxc3 c6 10. e3 0-0 11. Bd3 Nd7 12. 0-0 e5 13. dxe5 Nxe5 14. Nxe5 Qxe5 15. cxd5 cxd5 16. Rc5 Be6 17. Qb3 b6 18. Rcc1 Rac8 19. Ba6 Rxc1 20. Rxc1 d4 21. exd4 Qxd4 22. Qc3 Qxc3 23. Rxc3 g5 24. f3 Bxa2 25. Kf2 Be6 26. Bb7 Rd8 27. Ke3 Kg7 28. g4 Rd1 29. Rc2 Rd7 30. Be4 Kf6 31. b4 Ke7 32. b5 Bb3 33. Rc3 Ba4 34. Bc6 Rc7 35. Ra3 Bc2 36. Kd4 Bd1 37. Kd5 Bxf3+ 38. Rxf3 f6 39. Re3+ Kf7 40. Kd6 Rc8 41. Re7+ Kg6 42. Be4+ f5 43. Bxf5+ Kf6 44. Bxc8 1-0

[Event "Dos Hermanas Internet qual-B 10th"]
[Site "ICC INT"]
[Date "2009.03.13"]
[Round "3"]
[White "Jukemura, Rodrigo"]
[Black "Kaufman, Raymond"]
[Result "0-1"]
[WhiteElo "2048"]
[BlackElo "2308"]
[PlyCount "86"]
[EventDate "2009.03.13"]
[EventType "swiss (blitz)"]
[EventRounds "12"]
[EventCountry "ESP"]
[SourceTitle "CBM 129 Extra"]
[Source "ChessBase"]
[SourceDate "2009.05.05"]
[SourceVersion "2"]
[SourceVersionDate "2009.05.20"]
[SourceQuality "1"]

1. d4 g6 2. c4 Bg7 3. e4 d6 4. Be2 Nc6 5. d5 Nd4 6. Nf3 c5 7. 0-0 Nxe2+ 8. Qxe2 Nf6 9. h3 0-0 10. Nc3 a6 11. e5 dxe5 12. Nxe5 Ne8 13. Nd3 b6 14. Bf4 Nd6 15. Bxd6 exd6 16. Rfe1 Bd7 17. Qe7 Qc7 18. Ne4 Rfe8 19. Qxd6 Qb7 20. Nf6+ Bxf6 21. Qxf6 Bf5 22. Ne5 Qe7 23. Qxe7 Rxe7 24. Nc6 Rxe1+ 25. Rxe1 Kg7 26. g4 Bd3 27. b3 b5 28. Ne5 Bc2 29. Re2 Re8 30. Rxc2 Rxe5 31. Rd2 Kf6 32. f4 Re4 33. Kg2 Rxf4 34. d6 Rd4 35. Rxd4 cxd4 36. d7 Ke7 37. d8Q+ Kxd8 38. Kf3 bxc4 39. bxc4 f5 40. gxf5 gxf5 41. Ke2 f4 42. h4 Kc7 43. h5 Kc6 0-1

[Event "Dos Hermanas Internet qual-A 10th"]
[Site "ICC INT"]
[Date "2009.03.13"]
[Round "4"]
[White "Konings, Frans"]
[Black "Jukemura, Rodrigo"]
[Result "1-0"]
[WhiteElo "2232"]
[BlackElo "2048"]
[PlyCount "96"]
[EventDate "2009.03.13"]
[EventType "swiss (blitz)"]
[EventRounds "12"]
[EventCountry "ESP"]
[SourceTitle "CBM 129 Extra"]
[Source "ChessBase"]
[SourceDate "2009.05.05"]
[SourceVersion "2"]
[SourceVersionDate "2009.05.20"]
[SourceQuality "1"]

1. d4 Nf6 2. Nf3 d5 3. c4 c6 4. Nc3 dxc4 5. a4 Bf5 6. e3 e6 7. Bxc4 Bb4 8. 0-0 0-0 9. Nh4 Nbd7 10. Nxf5 exf5 11. Qc2 g6 12. f3 Rc8 13. Qf2 c5 14. Ba2 cxd4 15. exd4 Nb6 16. Bg5 Be7 17. Rfe1 Re8 18. Rad1 Rc7 19. Qh4 Nfd5 20. Rxe7 Rcxe7 21. Nxd5 Nxd5 22. Bxd5 Qxd5 23. Bxe7 f4 24. Bf6 h5 25. Re1 Rxe1+ 26. Qxe1 Qd7 27. Qe7 Qc8 28. Qd8+ Qxd8 29. Bxd8 Kf8 30. Bc7 Ke7 31. Bxf4 Ke6 32. Be3 Kd5 33. b3 a6 34. Kf2 b5 35. axb5 axb5 36. Ke2 f5 37. Kd3 h4 38. h3 b4 39. Bg5 f4 40. Bxf4 Ke6 41. Bg5 Kf5 42. Bxh4 Kf4 43. Be1 g5 44. Ke2 Kf5 45. g4+ Ke6 46. Kd3 Kd5 47. Bxb4 Kc6 48. Bd2 Kd5 1-0

[Event "South American-ch U20 3rd"]
[Site "Montevideo"]
[Date "2008.02.??"]
[Round "2"]
[White "Bueno, Alfeu Varela Jr"]
[Black "Jukemura, Rodrigo"]
[Result "1-0"]
[WhiteElo "2220"]
[BlackElo "2008"]
[PlyCount "71"]
[EventDate "2008.02.25"]
[EventType "swiss"]
[EventRounds "9"]
[EventCountry "URU"]
[SourceTitle "EXT 2022"]
[Source "ChessBase"]
[SourceDate "2021.10.06"]
[SourceVersion "1"]
[SourceVersionDate "2021.10.06"]
[SourceQuality "1"]

1. e4 c5 2. Nc3 e6 3. g3 d5 4. Bg2 dxe4 5. Nxe4 Be7 6. Ne2 Nf6 7. N2c3 0-0 8. 0-0 Nxe4 9. Nxe4 Bd7 10. b3 Bc6 11. Bb2 Nd7 12. Qe2 Rc8 13. Rad1 Nf6 14. d4 Nxe4 15. Bxe4 Qc7 16. Bxc6 Qxc6 17. d5 Qb6 18. Qg4 g6 19. dxe6 fxe6 20. Rd7 Bf6 21. Bxf6 Rxf6 22. Qh4 Rf7 23. Rxf7 Kxf7 24. Qxh7+ Kf6 25. Rd1 Rd8 26. Qh4+ g5 27. Qh6+ Kf7 28. Qh5+ Kf6 29. Rxd8 Qxd8 30. h4 Qa5 31. Qxg5+ Kf7 32. Qf4+ Ke7 33. a4 Qe1+ 34. Kg2 Qd1 35. Qc7+ Kf6 36. Qxc5 1-0

[Event "American Continental 04th"]
[Site "Cali"]
[Date "2007.07.16"]
[Round "7"]
[White "Sanchez, M Luis E"]
[Black "Jukemura, Rodrigo"]
[Result "1-0"]
[WhiteElo "2143"]
[BlackElo "2017"]
[PlyCount "117"]
[EventDate "2007.07.10"]
[EventType "swiss"]
[EventRounds "11"]
[EventCountry "COL"]
[SourceTitle "CBM 119 Extra"]
[Source "ChessBase"]
[SourceDate "2007.09.04"]
[SourceVersion "1"]
[SourceVersionDate "2007.09.04"]
[SourceQuality "1"]

1. e4 c5 2. Nf3 Nc6 3. c4 e5 4. Nc3 d6 5. d3 g6 6. Be2 Bg7 7. Be3 Nge7 8. a3 0-0 9. Qc1 Nd4 10. Bd1 Re8 11. Bg5 f6 12. Bh6 Bh8 13. h4 Nxf3+ 14. gxf3 Kf7 15. f4 exf4 16. Bxf4 a6 17. Qe3 h5 18. Qg3 Bg7 19. Rg1 Rg8 20. Bxd6 Bf8 21. Bxc5 Be6 22. Bxe7 Bxe7 23. Nd5 Bxd5 24. cxd5 Bd6 25. Qh3 Qc8 26. Qe6+ Qxe6 27. dxe6+ Ke7 28. Rc1 Be5 29. Ke2 Rgc8 30. Rxc8 Rxc8 31. Rxg6 Kxe6 32. Rg7 Bxb2 33. Rxb7 Bxa3 34. Rb6+ Ke5 35. Rxa6 Bc5 36. Kf1 Rb8 37. Rc6 Bd4 38. Kg2 Rg8+ 39. Kf1 Rb8 40. Rc4 Rb1 41. Ke2 Bb6 42. d4+ Kf4 43. Bc2 Rg1 44. Rb4 Ba7 45. Kd3 Ra1 46. Rb5 Ra6 47. Rxh5 Ra1 48. Rf5+ Kg4 49. Rxf6 Kxh4 50. e5 Re1 51. Rf4+ Kg5 52. Re4 Rxe4 53. Kxe4 Kg6 54. f4 Kf7 55. f5 Bb6 56. f6 Bd8 57. Kf5 Ke8 58. e6 Bb6 59. Ba4+ 1-0

[Event "American Continental 04th"]
[Site "Cali"]
[Date "2007.07.10"]
[Round "1"]
[White "Jukemura, Rodrigo"]
[Black "Ossa, Orlando Jose"]
[Result "0-1"]
[WhiteElo "2017"]
[BlackElo "2272"]
[PlyCount "124"]
[EventDate "2007.07.10"]
[EventType "swiss"]
[EventRounds "11"]
[EventCountry "COL"]
[SourceTitle "CBM 119 Extra"]
[Source "ChessBase"]
[SourceDate "2007.09.04"]
[SourceVersion "1"]
[SourceVersionDate "2007.09.04"]
[SourceQuality "1"]

1. d4 Nf6 2. c4 g6 3. Nc3 Bg7 4. e4 d6 5. Be2 0-0 6. Bg5 c5 7. d5 b5 8. cxb5 a6 9. a4 Qa5 10. f3 Nbd7 11. Nh3 axb5 12. Bxb5 Nb6 13. Nf2 Ba6 14. 0-0 h6 15. Bd2 Nc4 16. Bxc4 Bxc4 17. Re1 Qb6 18. Qc1 Rfb8 19. Ncd1 Ba6 20. Rb1 Qb3 21. a5 h5 22. Re3 Qb5 23. Re1 Nd7 24. b4 Bd4 25. Nc3 Qd3 26. Ne2 Bxf2+ 27. Kxf2 Ne5 28. Nf4 Qd4+ 29. Be3 Qc4 30. Qxc4 Bxc4 31. h4 Rxb4 32. Rxb4 cxb4 33. Bb6 Ba2 34. Kg3 b3 35. Ne2 Nc4 36. Nc3 Nxa5 37. Bxa5 Rxa5 38. Re2 Kg7 39. Rb2 Kf6 40. Kf4 Ra8 41. g3 Kg7 42. Ke3 e6 43. Nb5 exd5 44. exd5 Ra5 45. Nc3 Kf6 46. Ke4 Ra8 47. Kf4 Ra6 48. Ne4+ Ke7 49. Nc3 Ra5 50. Ke4 Kd7 51. Ne2 Rc5 52. Nd4 Rc3 53. g4 hxg4 54. fxg4 Rh3 55. Nf3 f6 56. Ke3 Kc7 57. Kf2 Rh1 58. Nd2 Rxh4 59. Kg3 Rh8 60. Nxb3 Ra8 61. Kf4 Ra4+ 62. Kf3 Ra3 0-1